| 000 | 00727nam a2200241 a 4500 | ||
|---|---|---|---|
| 001 | 13367 | ||
| 003 | BD-JhCC | ||
| 005 | 20230910100039.0 | ||
| 008 | 171209s20172019ii a|||| || | 000 0 eng d | ||
| 020 | _a9781108677127 | ||
| 020 | _a9781108677202 | ||
| 035 | _a(BD-JhCC)13367 | ||
| 040 |
_aBD-JhCC _dBD-JhCC |
||
| 041 | _aeng | ||
| 082 |
_a428.24076 _bCAM 2019 |
||
| 245 |
_aCambridge English IELTS 12 : _bacademic with answers authentic examination papers / _cCambridge University |
||
| 260 |
_aNew Delhi : _bCambridge University Press, _c2019. |
||
| 300 |
_a136 p. : _bill.; _c24 cm. _eCD |
||
| 650 | _aEnglish Language | ||
| 650 | _aInternational English Language Testing System | ||
| 942 |
_2ddc _cBK |
||
| 999 |
_c13367 _d13367 |
||